000 01636cam a22004814i 4500
003 PE-LiUPU
005 20250731173033.0
008 150623s r 000 0 d
020 _a0830822070
035 _a(Sirsi) i9780830822072
040 _aPE-LiUPU
_bspa
_cPE-LiUPU
_erda
049 _aPRUA
082 0 4 _a283.092
_bD97
_221
100 1 _aDudley-Smith, Timothy,
_eautor.
245 1 0 _aJohn Stott: the making of a leader, a biography the early years /
_cTimothy Dudley-Smith.
264 1 _aDowners Grove, IL :
_bInter Varsity Press,
_c1999.
300 _a513 páginas ;
_c24 centímetros
336 _atext
_2rdacontent
337 _aunmediated
_2rdamedia
338 _avolume
_2rdacarrier
504 _aIncluye bibliografía.
505 0 _aBiography about John Stott: the 1920s, the 1930s, the 1940s, the 1950s.
526 _aSEG42
526 _aSEG41
526 _aSEG40
526 _aSEG39
526 _aP94
526 _aP87
526 _aP86
526 _aP85
526 _aP77
526 _aP76
526 _aP35
600 1 _aStott, John R. W.
650 0 4 _aComunidad Anglicana
_zInglaterra
_xClero
_vBiografías.
650 0 4 _aIglesia de Inglaterra
_xClero
_vBiografías.
942 _2ddc
_cBOOK
949 _a283.092 D97
_wDEWEY
_c1
_i48215
_lCCODEBUL1
_mBUL
_r0
_sY
_tBOOK
_u2015-6-24
_xTEOLOGIA
_PP35
_0COMPRA
_o.STAFF. Colección General
994 _aC0
_bPEPRU
596 _a1
999 _a283.092 D97
_wDEWEY
_c25188
_i48215
_f2021-11-11
_g5
_lCCODEBUL1
_mBUL
_r0
_sY
_tBOOK
_u2015-6-24
_xTEOLOGIA
_PP35
_0COMPRA
_o.STAFF. Colección General
_d25188
980 _81
_gALBERTO SANCHEZ Responsable de Automatización